Mathematical economics

Đã lưu trong:
Sonraí Bibleagrafaíochta
Príomhúdar: Baldani, Jeffrey
Údair Eile: Bradfield, James, Turner, Robert W.
Formáid: Leabhar
Teanga:English
Foilsithe: Mason, OH Thomson South-Western 2005
Eagrán:2nd ed
Ábhair:
Clibeanna: Cuir Clib Leis
Gan Chlibeanna, Bí ar an gcéad duine leis an taifead seo a chlibeáil!
Thư viện lưu trữ: Trung tâm Học liệu Lê Vũ Hùng, Trường Đại học Đồng Tháp
LEADER 00755pam a22002418a 4500
001 00023648
005 20171026081025.0
008 110628s2005 ||||||engsd
020 # # |a 0324183321 
041 0 # |a eng 
082 1 4 |a 330.01  |b M100T 
100 1 # |a Baldani, Jeffrey 
245 1 0 |a Mathematical economics  |c Jeffrey Baldani, James Bradfield, Robert W. Turner 
250 # # |a 2nd ed 
260 # # |a Mason, OH  |b Thomson South-Western  |c 2005 
300 # # |a xvii,542p.  |b map  |c 26 cm. 
650 # 4 |a Toán kinh tế 
700 1 # |a Bradfield, James 
700 1 # |a Turner, Robert W. 
852 # # |b Kho đọc  |j KD.0008076 
852 # # |j KD.0008076 
910 0 # |a ntuyet  |d 28/06/2011 
980 # # |a Trung tâm Học liệu Lê Vũ Hùng, Trường Đại học Đồng Tháp